000 00614nam a22002057a 4500
999 _c104814
_d104814
005 20181205124042.0
010 _aENG-116692
020 _a9788184846218
_c980.00
035 _aEN-100224
037 _bDBAD/PUB
082 _a658.872
100 _aSharma,Eliza
245 _aE-marketing :
_c by Eliza Sharma [and] Jyoti Sindhu
_ba comprehensive taxtbook /
260 _aNew Delhi
_bRegal Publications
_c2016
270 _aF-159 Rajouri Garden
_bNew Delhi
_e110027
300 _axii,322p.
_c23cm(Hb)
500 _aIncludes index
700 _aSindhu,Jyoti
942 _2ddc
_cEN
_h658.872
_mSHA